000 00292nam a22001337a 4500
008 171215b xxu||||| |||| 00| 0 eng d
020 _a1555210880
041 _aeng
080 _a721
100 _a41
101 _aNDE
245 _aDECORATIVE WOODWORKING
_cBRIDGEWATER,A
942 _2udc
_cBK
999 _c39040
_d39040